Countries Slipknot has Visited - Statistics

General Stats
  • This quiz has been taken 135 times
    56 since last reset
  • The average score is 30 of 52
Answer Stats
Continent Country % Correct
North America United States of America
93%
Europe Germany
88%
Europe United Kingdom
88%
North America Mexico
86%
South America Brazil
81%
North America Canada
81%
Oceania Australia
79%
Europe Spain
79%
Europe France
76%
Asia/ Europe Russia
76%
South America Argentina
74%
Europe Italy
74%
Asia Japan
71%
Oceania New Zealand
64%
Europe Poland
64%
Europe Portugal
64%
Europe Finland
62%
Europe Sweden
62%
Europe Austria
60%
Europe Belgium
60%
South America Chile
60%
South America Colombia
60%
Europe Denmark
60%
Europe Greece
60%
Europe Norway
60%
South America Peru
60%
Europe Switzerland
60%
Europe Ukraine
60%
Europe Ireland
57%
Europe the Netherlands
52%
Asia South Korea
50%
Europe Croatia
48%
Europe Hungary
48%
Asia Indonesia
48%
Europe Lithuania
48%
Asia Thailand
48%
Asia/ Europe Turkey
48%
Europe Bulgaria
45%
Europe Czech Republic
45%
Europe Estonia
45%
Europe Romania
45%
Asia Israel
43%
Europe Belarus
40%
South America Ecuador
40%
Europe Luxembourg
40%
Europe Serbia
40%
Asia Singapore
38%
North America Costa Rica
36%
South America Paraguay
36%
South America Venezuela
36%
Asia Philippines
29%
Asia Taiwan
29%
No matching quizzes found
Score Distribution
Percent of People with Each Score
Percentile by Number Answered
Your Score History
You have not taken this quiz since the last reset